Online Catalogue and eLibrary

Religious movements in south Asia 600-1800 (Record no. 2564)

MARC details
000 -LEADER
fixed length control field 00532nam a2200217Ia 4500
005 - DATE AND TIME OF LATEST TRANSACTION
control field 20240715012649.0
008 - FIXED-LENGTH DATA ELEMENTS--GENERAL INFORMATION
fixed length control field 240331s9999 xx 000 0 und d
020 ## - INTERNATIONAL STANDARD BOOK NUMBER
ISBN 0195664485
082 ## - DDC Classification
Item Number - Author Mark REL
Class No. 200
100 ## - MAIN ENTRY--PERSONAL NAME
Personal name
245 #0 - TITLE STATEMENT
Title Religious movements in south Asia 600-1800
260 ## - PUBLICATION, DISTRIBUTION, ETC.
Place of publication, distribution, etc. New Delhi
Name of publisher, distributor, etc. Oxford University Press
Date of publication, distribution, etc. 2004
300 ## - PHYSICAL DESCRIPTION
Extent (e.g. Volumes, Pages etc.) viii, 380 p .,
650 ## - SUBJECT ADDED ENTRY--TOPICAL TERM
Topical term or geographic name entry element Social
650 ## - SUBJECT ADDED ENTRY--TOPICAL TERM
Topical term or geographic name entry element Economics
650 ## - SUBJECT ADDED ENTRY--TOPICAL TERM
Topical term or geographic name entry element Religion
650 ## - SUBJECT ADDED ENTRY--TOPICAL TERM
Topical term or geographic name entry element Political
650 ## - SUBJECT ADDED ENTRY--TOPICAL TERM
Topical term or geographic name entry element Social
700 ## - ADDED ENTRY--PERSONAL NAME
Personal name Lorenzen N. David
Relator term (Role) Editor
942 ## - Koha item type (Biblio)
Koha item type Books in Stacks (Lending)
Holdings
Lost status Damaged status Collection code Home library Current library Shelving location Date acquired Full call number Accession Number Item type
    Lending WERC Library WERC Library Social Science Cupboard 03/31/2024 200 REL 5453 Books in Stacks (Lending)

© WERC Library